1740 1011 1832 1587 1581 1795 1658 1363 1708 1592 1388 1698 1648 1847 1665 1252 1128 1139 1341 1331 1882 1167 1091 1804 1626 1765 1229 1069 1656 1796 1531 1725 1310 1618 1590 1573 1074 1011 1272 1965 1211 1912 1192 1317 1898 1169 1160 1087 1759 1122 1655 1821 1437 1896 1646 1606 1591 1297 1499 1632 1727 1826 1696 1358 1620 1803 1175 1005 1455 1321 1762 1959 1445 1135 1870 1342 1569 1485 1081 1720 1323 1977 1146 1110 1883 1702 1358 1996 1916 1749 1899 1383 1258 1733 1711 1040 1977 1531 1999 BCNSPRNW ULIB Ver.6.0+V

เปลี่ยนเป็นภาษาไทย

Change to English
 แสดงรายละเอียดบรรณานุกรม
  กลับหน้าหลัก

Brief Record : Get Marc (ISO 2709) : E-mail record : QR code < ปิดหน้าต่าง
LEADER : 00000nam 2200000uu 4500
001    13399112583
003     ULIB
008    110826s2553||||th 000 0 tha d
020    9786167058153
050 04 NX180.C45^bส778จ 2553
100 0  สุทัศน์ เยี่ยมวัฒนา
245 10 จัดพื้นที่ว่าง สรรค์สร้างโลกเด็ก = Space for children /^cสุทัศน์ เยี่ยมวัฒนา
246 31 Space for children
250    พิมพ์ครั้งที่ 1
260    กรุงเทพฯ :^bฐานบุ๊คส์,^c2553
300    191 หน้า :^bภาพประกอบ
650  2 Child care
650  2 Child development
945    ^p160^l0^i028006
995    ทศพร
999 ^a ทศพร
รายการนี้ยังไม่มีแท็ก
คุณยังไม่ได้ล็อกอิน คุณสามารถมีกิจกรรมร่วมกับเว็บไซต์ได้ แต่ต้องล็อกอินก่อน ::
  ล็อกอิน

รายการสื่อสารสนเทศ

ลำดับที่ ประเภท เลขเรียก/บาร์โค้ด สถานที่ สถานะ
- ไม่พบข้อมูล -

รายการใกล้เคียง
    ผู้แต่ง [สุทัศน์ เยี่ยมวัฒนา]

    หัวเรื่อง [Child care]
    หัวเรื่อง [Child development]

BibComment


ยังไม่เคยถูกคอมเมนท์

คอมเมนท์ทรัพยากรรายการนี้
  คอมเมนท์: จัดพื้นที่ว่าง สร..


 Copyright 2026. Bcnsprnw @Library